Autour des championnats du monde de handball Féminins - Statistiques

Statistiques générales
  • Ce quiz a été pris 11 fois
  • Le résultat moyen est 111 sur 240
Statistiques - réponses
Citez le ou un des pays hôte(s) Année Réponse % Correct
Citez le ou un des pays hôte(s) 2023 Danemark | Norvège | Suède
100%
Citez une équipe asiatique participante 2019 Corée-du-sud | Chine | Japon | Kazakhstan
75%
Citez une équipe asiatique participante 2021 Corée-du-sud | Chine | Japon | Kazakhstan | Iran
75%
Citez une équipe asiatique participante 2023 Corée-du-sud | Chine | Japon | Kazakhstan | Ouzbékistan | Iran
75%
Citez le ou un des pays hôte(s) 2021 Espagne
75%
Citez un pays ayant remporté le championnat... 1 fois Hongrie | Danemark | Serbie | Roumanie | Tchéquie | Pays-Bas | Allemagne | Corée-du-Sud | Brésil
75%
Citez un pays ayant remporté le championnat... 4 fois Norvège
75%
Citez un pays ayant remporté le championnat... 7 fois Russie
75%
Citez un pays ayant remporté le championnat... 3 fois Allemagne de l'est | France
63%
Citez une équipe africaine participante 1995 Angola | Côte-d'ivoire
63%
Citez une équipe africaine participante 1997 Angola | Côte-d'ivoire | Algérie
63%
Citez une équipe africaine participante 2005 Angola | Côte-d'ivoire | Cameroun
63%
Citez une équipe africaine participante 1999 Angola | Côte-d'ivoire | Congo
63%
Citez une équipe africaine participante 2003 Angola | Côte-d'ivoire | Tunisie
63%
Citez une équipe africaine participante 2001 Angola | Tunisie | Congo
63%
Citez une équipe africaine participante 2007 Angola | Tunisie | Congo
63%
Citez une équipe africaine participante 2009 Angola | Tunisie | Congo | Côte-d'ivoire
63%
Citez une équipe africaine participante 2011 Angola | Tunisie | Côte-d'ivoire
63%
Citez une équipe américaine participante 2009 Argentine | Brésil | Chili
63%
Citez une équipe américaine participante 2019 Argentine | Brésil | Cuba
63%
Citez une équipe américaine participante 2015 Argentine | Brésil | Cuba | Porto Rico
63%
Citez une équipe américaine participante 2017 Argentine | Brésil | Paraguay
63%
Citez une équipe américaine participante 2021 Argentine | Brésil | Porto Rico | Paraguay
63%
Citez une équipe américaine participante 2007 Argentine | Brésil | République dominicaine | Paraguay
63%
Citez une équipe américaine participante 2003 Argentine | Brésil | Uruguay
63%
Citez une équipe américaine participante 2005 Argentine | Brésil | Uruguay
63%
Citez une équipe américaine participante 2011 Argentine | Brésil | Uruguay | Cuba
63%
Citez une équipe américaine participante 2023 Argentine | Groenland | Brésil | Chili | Paraguay
63%
Citez une équipe américaine participante 2013 Argentine | Paraguay | République dominicaine | Brésil
63%
Citez le ou un des pays hôte(s) 2011 Brésil
63%
Citez une équipe américaine participante 2001 Brésil | Uruguay | Groenland
63%
Citez une équipe africaine participante 2017 Cameroun | Tunisie | Angola
63%
Citez une équipe africaine participante 2023 Congo | Angola | Sénégal | Cameroun
63%
Citez une équipe africaine participante 2021 Congo | Angola | Tunisie | Cameroun
63%
Citez une équipe africaine participante 2013 Congo | Tunisie | Algérie
63%
Citez une équipe africaine participante 2015 Congo | Tunisie | Angola
63%
Citez une équipe asiatique participante 1986 Corée-du-sud | Chine | Japon
63%
Citez une équipe asiatique participante 1995 Corée-du-sud | Chine | Japon
63%
Citez une équipe asiatique participante 2011 Corée-du-sud | Chine | Japon | Kazakhstan
63%
Citez une équipe asiatique participante 2015 Corée-du-sud | Chine | Japon | Kazakhstan
63%
Citez une équipe asiatique participante 2009 Corée-du-sud | Chine | Japon | Thaïlande | Kazakhstan
63%
Citez une équipe asiatique participante 1999 Corée-du-sud | Japon | Chine
63%
Citez une équipe asiatique participante 2001 Corée-du-sud | Japon | Chine
63%
Citez une équipe asiatique participante 2003 Corée-du-sud | Japon | Chine
63%
Citez une équipe asiatique participante 2005 Corée-du-sud | Japon | Chine
63%
Citez une équipe asiatique participante 2013 Corée-du-sud | Japon | Chine
63%
Citez une équipe asiatique participante 2007 Corée-du-sud | Japon | Chine | Kazakhstan
63%
Citez une équipe asiatique participante 1997 Corée-du-sud | Japon | Chine | Ouzbékistan
63%
Citez une équipe américaine participante 1999 Cuba | Brésil | Argentine
63%
Citez une équipe asiatique participante 2017 Corée-du-sud | Chine | Japon
63%
Citez une des nations en demi-finale (hors le pays champion) 2021 Espagne | France | Danemark
63%
Citez une des nations en demi-finale (hors le pays champion) 2019 Espagne | Norvège | Russie
63%
Citez une équipe américaine participante 1995 Etats-Unis | Brésil | Canada
63%
Citez une des nations 1ère de sa poule 2021 France | Russie | Norvège | Pays-Bas | Allemagne | Danemark | Brésil | Espagne
63%
Citez un pays ayant pris part à (...) éditions 23 Hongrie | Allemagne
63%
Citez une équipe asiatique participante 1962 Japon
63%
Citez une équipe asiatique participante 1965 Japon
63%
Citez une équipe asiatique participante 1967 Japon
63%
Citez une équipe asiatique participante 1971 Japon
63%
Citez une équipe asiatique participante 1973 Japon
63%
Citez une équipe asiatique participante 1975 Japon
63%
Citez un pays ayant pris part à (...) éditions 22 Norvège | Danemark
63%
Citez une des nations en demi-finale (hors le pays champion) 2017 Pays-Bas | Norvège | Suède
63%
Citez une équipe africaine participante 2019 RD Congo | Sénégal | Angola
63%
Citez le ou un des pays hôte(s) 2005 Russie
63%
Citez une des nations 1ère de sa poule 2019 Russie | Pays-Bas | Corée-du-sud | Espagne
63%
Citez une des nations 1ère de sa poule 2017 Russie | Roumanie | Suède | Serbie
63%
Citez une des nations en demi-finale (hors le pays champion) 2023 Suède | Danemark | Norvège
63%
Citez une des nations 1ère de sa poule 2023 Suède | Monténégro | Norvège | France | Danemark | Allemagne | Espagne | Pays-Bas
63%
Citez une équipe américaine participante 1997 Uruguay | Brésil | Canada
63%
Ecart de points lors de la finale 1975 - Pas de match de finale 0
50%
Ecart de points lors de la finale 1978 - Pas de match de finale 0
50%
Ecart de points lors de la finale 1982 - Pas de match de finale 0
50%
Ecart de points lors de la finale 1993 1
50%
Ecart de points lors de la finale 1999 1
50%
Ecart de points lors de la finale 2019 1
50%
Ecart de points lors de la finale 1997 13
50%
Ecart de points lors de la finale 1965 2
50%
Ecart de points lors de la finale 1990 2
50%
Ecart de points lors de la finale 2013 2
50%
Ecart de points lors de la finale 2017 2
50%
Ecart de points lors de la finale 1962 3
50%
Ecart de points lors de la finale 1971 3
50%
Ecart de points lors de la finale 2003 3
50%
Ecart de points lors de la finale 2009 3
50%
Ecart de points lors de la finale 2023 3
50%
Ecart de points lors de la finale 1973 5
50%
Ecart de points lors de la finale 1995 5
50%
Ecart de points lors de la finale 2001 5
50%
Ecart de points lors de la finale 2005 5
50%
Ecart de points lors de la finale 2007 5
50%
Ecart de points lors de la finale 1957 6
50%
Ecart de points lors de la finale 2021 7
50%
Ecart de points lors de la finale 1986 8
50%
Ecart de points lors de la finale 2011 8
50%
Ecart de points lors de la finale 2015 8
50%
Citez une équipe africaine participante 1978 Algérie
50%
Citez une des nations 1ère de sa poule 1997 Allemagne | Croatie | Corée-du-sud | Russie
50%
Citez une des nations 1ère de sa poule 1978 Allemagne de l'est | Tchécoslovaquie | Hongrie
50%
Citez une des nations 1ère de sa poule 1986 Allemagne de l'est | URSS | Norvège | Roumanie
50%
Citez une des nations en demi-finale (hors le pays champion) 1982 Allemagne de l'est | Yougoslavie | Hongrie
50%
Citez une des nations en demi-finale (hors le pays champion) 1957 Allemagne de l'ouest | Yougoslavie | Hongrie
50%
Citez une des nations en demi-finale (hors le pays champion) 2007 Allemagne | Norvège | Roumanie
50%
Citez une des nations en demi-finale (hors le pays champion) 1997 Allemagne | Norvège | Russie
50%
Citez une équipe africaine participante 1990 Angola
50%
Citez une équipe africaine participante 1993 Angola
50%
Citez une des nations 1ère de sa poule 1995 Autriche | Roumanie | Corée-du-sud | Hongrie
50%
Citez une équipe asiatique participante 1978 Corée-du-sud
50%
Citez une équipe asiatique participante 1982 Corée-du-sud
50%
Citez une équipe asiatique participante 1990 Corée-du-sud | Chine
50%
Citez une équipe asiatique participante 1993 Corée-du-sud | Chine
50%
Citez une des nations en demi-finale (hors le pays champion) 2005 Danemark | Hongrie | Roumanie
50%
Citez une des nations en demi-finale (hors le pays champion) 1995 Danemark | Norvège | Hongrie
50%
Citez une des nations en demi-finale (hors le pays champion) 1993 Danemark | Norvège | Roumanie
50%
Citez une des nations 1ère de sa poule 1962 Danemark | Tchécoslovaquie | Roumanie
50%
Citez une des nations en demi-finale (hors le pays champion) 2011 Espagne | Danemark | France
50%
Citez une équipe américaine participante 1975 Etats-Unis
50%
Citez une équipe américaine participante 1970 Etats-Unis
50%
Citez une équipe américaine participante 1974 Etats-Unis
50%
Citez une équipe américaine participante 1982 Etats-Unis
50%
Citez une équipe américaine participante 1986 Etats-Unis
50%
Citez une équipe américaine participante 1993 Etats-Unis
50%
Citez le ou un des pays hôte(s) 2007 France
50%
Citez une des nations en demi-finale (hors le pays champion) 1999 France | Autriche | Roumanie
50%
Citez une des nations 1ère de sa poule 2013 France | Norvège | Brésil | Allemagne
50%
Citez une des nations en demi-finale (hors le pays champion) 2009 France | Norvège | Espagne
50%
Citez une des nations 1ère de sa poule 2007 France | Russie | Norvège | Hongrie | Roumanie | Allemagne
50%
Citez une des nations 1ère de sa poule 2003 France | Russie | Ukraine | Hongrie
50%
Citez une des nations en demi-finale (hors le pays champion) 2003 Hongrie | Corée-du-sud | Ukraine
50%
Citez le ou un des pays hôte(s) 2019 Japon
50%
Citez une des nations en demi-finale (hors le pays champion) 2001 Norvège | Yougoslavie | Danemark
50%
Citez une des nations 1ère de sa poule 1999 Pays-Bas | Autriche | Danemark | Hongrie
50%
Pays hôte vainqueur de son édition 1962 Roumanie
50%
Citez un pays ayant pris part à (...) éditions 25 Roumanie
50%
Citez une des nations 1ère de sa poule 2005 Roumanie | Danemark | Hongrie | Russie
50%
Citez une des nations en demi-finale (hors le pays champion) 1971 Roumanie | Yougoslavie | Hongrie
50%
Pays hôte vainqueur de son édition 2005 Russie
50%
Citez une des nations 1ère de sa poule 2015 Russie | Monténégro | Brésil | Pays-Bas
50%
Citez une des nations 1ère de sa poule 2011 Russie | Norvège | Brésil | Danemark
50%
Citez une des nations 1ère de sa poule 2009 Russie | Norvège | Espagne | Danemark
50%
Citez le ou un des pays hôte(s) 2013 Serbie
50%
Citez une des nations en demi-finale (hors le pays champion) 2013 Serbie | Danemark | Pologne
50%
Citez une des nations 1ère de sa poule 2001 Suède | Danemark | Norvège | Russie
50%
Citez une des nations 1ère de sa poule 1993 Suède | Norvège | Danemark | Tchécoslovaquie
50%
La meilleure buteuse de la compétition appartient à l'équipe de/du 2023 Tchéquie
50%
Citez une équipe africaine participante 1975 Tunisie
50%
Citez une des nations en demi-finale (hors le pays champion) 1973 URSS | Hongrie | Roumanie
50%
Citez une des nations en demi-finale (hors le pays champion) 1975 URSS | Hongrie | Roumanie
50%
Citez une des nations en demi-finale (hors le pays champion) 1978 URSS | Hongrie | Tchécoslovaquie
50%
Pays hôte vainqueur de son édition 1973 Yougoslavie
50%
Citez une des nations 1ère de sa poule 1975 Yougoslavie | Allemagne de l'est | Roumanie
50%
Citez une des nations en demi-finale (hors le pays champion) 1962 Yougoslavie | Tchécoslovaquie | Danemark
50%
Citez une équipe africaine participante 1986 Algérie
38%
Citez le ou un des pays hôte(s) 1997 Allemagne
38%
Citez le ou un des pays hôte(s) 2017 Allemagne
38%
Citez une des nations en demi-finale (hors le pays champion) 1986 Allemagne de l'est | Tchécoslovaquie | Norvège
38%
Citez une des nations en demi-finale (hors le pays champion) 1965 Allemagne de l'ouest | Tchécoslovaquie | Yougoslavie
38%
Citez une des nations dernière de sa poule 2021 Angola | Cameroun | Iran | Slovaquie | Ouzbékistan | Tunisie | Chine | Paraguay
38%
Citez une des nations dernière de sa poule 2013 Australie | Algérie | République dominicaine | Paraguay
38%
Citez une des nations dernière de sa poule 2007 Australie | Argentine | République dominicaine | Chine | Japon | Paraguay
38%
Citez une des nations dernière de sa poule 2009 Australie | Congo | Chili | Argentine | Angola | Chine
38%
Citez une des nations dernière de sa poule 2011 Australie | Cuba | Argentine | Chine
38%
Citez une des nations dernière de sa poule 2019 Australie | Cuba | Chine | Kazakhstan
38%
Citez le ou un des pays hôte(s) 1995 Autriche | Hongrie
38%
Citez une équipe américaine participante 1978 Canada
38%
Citez une équipe américaine participante 1967 Canada
38%
Citez une équipe américaine participante 1978 Canada
38%
Citez une équipe américaine participante 1990 Canada
38%
Citez le ou un des pays hôte(s) 2009 Chine
38%
Citez une équipe africaine participante 1982 Congo
38%
Citez une des nations dernière de sa poule 1999 Congo | Cuba | Argentine | Australie
38%
Citez une des nations dernière de sa poule 1982 Congo | Etats-Unis | Bulgarie
38%
Citez une des nations dernière de sa poule 2023 Congo | Kazakhstan | Iran | Chili | Islande | Groenland | Paraguay | Chine
38%
Citez le ou un des pays hôte(s) 1990 Corée-du-sud
38%
Citez une des nations dernière de sa poule 1995 Côte-d'ivoire | Canada | Angola | Brésil
38%
Citez le ou un des pays hôte(s) 2003 Croatie
38%
Citez une des nations 1ère de sa poule 1971 Danemark| Allemagne de l'ouest | Yougoslavie
38%
Citez le ou un des pays hôte(s) 1999 Danemark | Norvège
38%
Citez une des nations 1ère de sa poule 1957 Danemark | Tchécoslovaquie | Yougoslavie
38%
Citez une des nations dernière de sa poule 1975 Etats-Unis | Japon | Tunisie
38%
Citez une des nations 1ère de sa poule 1982 Hongrie | URSS | Yougoslavie
38%
Citez une des nations 1ère de sa poule 1965 Hongrie | Yougoslavie
38%
Citez le ou un des pays hôte(s) 2001 Italie
38%
La meilleure buteuse de la compétition appartient à l'équipe de/du 2017 Norvège
38%
Citez une des nations dernière de sa poule 2017 Paraguay | Argentine | Tunisie | Chine
38%
Citez une des nations en demi-finale (hors le pays champion) 2015 Pays-Bas | Pologne | Roumanie
38%
Citez une des nations dernière de sa poule 1986 Pologne | Etats-Unis | Japon | France
38%
Citez le ou un des pays hôte(s) 1962 Roumanie
38%
Citez une des nations 1ère de sa poule 1973 Roumanie | URSS | Yougoslavie | Hongrie
38%
Citez un pays ayant pris part à (...) éditions 21 Russie
38%
Citez une des nations dernière de sa poule 2015 Tunisie | Cuba | RD Congo | Kazakhstan
38%
Citez une des nations dernière de sa poule 2003 Uruguay | Côte-d'ivoire | Argentine | Australie
38%
Citez une des nations dernière de sa poule 2005 Uruguay | Côte-d'ivoire | Cameroun | Australie
38%
Citez le ou un des pays hôte(s) 1973 Yougoslavie
38%
Citez une des nations 1ère de sa poule 1990 Yougoslavie | Chine | Norvège | URSS
38%
Citez une des nations dernière de sa poule 1973 Allemagne de l'est | Allemagne de l'ouest | Japon | Pays-Bas
25%
Citez une des nations en demi-finale (hors le pays champion) 1990 Allemagne de l'est | Allemagne de l'ouest | Yougoslavie
25%
Citez le ou un des pays hôte(s) 1965 Allemagne de l'ouest
25%
Citez une des nations dernière de sa poule 1962 Allemagne-de-l'ouest | Pologne | Japon
25%
La meilleure buteuse de la compétition appartient à l'équipe de/du 2009 Autriche
25%
La meilleure buteuse de la compétition appartient à l'équipe de/du 2011 Brésil
25%
Citez une des nations dernière de sa poule 1997 Chine | Uruguay | Ouzbékistan | Brésil
25%
Citez une des nations dernière de sa poule 2001 Congo | Macédoine | Groenland | Uruguay
25%
Citez une des nations dernière de sa poule 1978 Corée-du-sud | Algérie | Canada
25%
Citez le ou un des pays hôte(s) 2015 Danemark
25%
Citez une des nations dernière de sa poule 1993 Espagne | Lituanie | Angola | Chine
25%
Citez une des nations dernière de sa poule 1990 France | Suède | Angola | Canada
25%
Citez le ou un des pays hôte(s) 1982 Hongrie
25%
Citez un pays ayant pris part à (...) éditions 20 Japon
25%
Citez le ou un des pays hôte(s) 1993 Norvège
25%
La meilleure buteuse de la compétition appartient à l'équipe de/du 2019 Pays-Bas
25%
Citez une des nations dernière de sa poule 1971 Pays-Bas | Norvège | Japon
25%
Citez une des nations dernière de sa poule 1965 Pologne | Japon
25%
La meilleure buteuse de la compétition appartient à l'équipe de/du 2015 Roumanie
25%
La meilleure buteuse de la compétition appartient à l'équipe de/du 2021 Suède
25%
Citez une des nations dernière de sa poule 1957 Suède | Pologne | Roumanie
25%
Citez le ou un des pays hôte(s) 1978 Tchécoslovaquie
25%
La meilleure buteuse de la compétition appartient à l'équipe de/du 1957 Tchécoslovaquie
25%
La meilleure buteuse de la compétition appartient à l'équipe de/du 1962 Tchécoslovaquie | Roumanie
25%
Citez le ou un des pays hôte(s) 1975 URSS
25%
Citez le ou un des pays hôte(s) 1957 Yougoslavie
25%
La meilleure buteuse de la compétition appartient à l'équipe de/du 2007 Allemagne
13%
La meilleure buteuse de la compétition appartient à l'équipe de/du 2013 Allemagne
13%
La meilleure buteuse de la compétition appartient à l'équipe de/du 2005 Allemagne | Autriche
13%
La meilleure buteuse de la compétition appartient à l'équipe de/du 1973 Allemagne de l'est
13%
La meilleure buteuse de la compétition appartient à l'équipe de/du 1999 Allemagne | Roumanie
13%
La meilleure buteuse de la compétition appartient à l'équipe de/du 2001 Autriche
13%
La meilleure buteuse de la compétition appartient à l'équipe de/du 1993 Corée-du-sud
13%
La meilleure buteuse de la compétition appartient à l'équipe de/du 1965 Danemark
13%
La meilleure buteuse de la compétition appartient à l'équipe de/du 2003 Hongrie
13%
La meilleure buteuse de la compétition appartient à l'équipe de/du 1971 Japon
13%
La meilleure buteuse de la compétition appartient à l'équipe de/du 1997 Macédoine
13%
Citez le ou un des pays hôte(s) 1971 Pays-Bas
13%
Citez le ou un des pays hôte(s) 1986 Pays-Bas
13%
La meilleure buteuse de la compétition appartient à l'équipe de/du 1978 Tchécoslovaquie | Allemagne de l'est
13%
La meilleure buteuse de la compétition appartient à l'équipe de/du 1995 Ukraine
13%
La meilleure buteuse de la compétition appartient à l'équipe de/du 1975 URSS
13%
La meilleure buteuse de la compétition appartient à l'équipe de/du 1986 URSS
13%
La meilleure buteuse de la compétition appartient à l'équipe de/du 1990 URSS | Pologne
13%
La meilleure buteuse de la compétition appartient à l'équipe de/du 1982 Yougoslavie
13%
Aucun quiz correspondant
Distribution des résultats
% des personnes avec chaque résultat
Percentile par nombre de réponses
Votre historique - résultats
Vous n’avez pas pris ce quiz